000 00531nam a2200217Ia 4500
003 OSt
005 20230429104314.0
008 210423s2013 xx 000 0 und d
020 _a978-1-4472-2181-4
040 _cAL
041 _aeng
082 _a823.914
_223
_bARCF
100 _aARCHER (JEFFREY)
_995054
245 _aFirst among equals
260 _aLondon
_bPan Book Ltd
_c2013
300 _a466
_bPB
365 _b399
_cINR
650 _aEnglish Fiction
_995055
906 _aamong ; euals ; First
942 _2ddc
_cBK
999 _c170452
_d170452